| 000 | 00587nam a2200193Ia 4500 | ||
|---|---|---|---|
| 005 | 20250507130303.0 | ||
| 008 | 008 250505s9999 xx 000 0 eng d | ||
| 037 | _aSeries Article | ||
| 040 |
_aEASL _beng _cEASL |
||
| 041 |
_aeng _2eng |
||
| 084 | _qEASL | ||
| 100 |
_aPant Girijesh _9673866 |
||
| 245 | 0 | _aFrom the vantage point of tahrir square: Popular uprising in the Arab world | |
| 260 |
_aUK _bLos Angeles Sage Publications London _c2012 |
||
| 300 | _a331-350pp. | ||
| 650 |
_aAsian Studies; Arab World _9755077 |
||
| 942 | _cSRA | ||
| 999 |
_c1318788 _d1318788 |
||